000 00585nam a2200217Ia 4500
008 160803s9999 xx 000 0 und d
020 _a9780516245058
100 _aFoley, Cate
245 _aLet's go to the zoo /
245 _cby Cate Foley.
260 _aNew York :
260 _bScholastic Inc.
260 _c2001
300 _a24 pages :
300 _bcolor illustrations ;
300 _c16 x 18 cm.
500 _aReprint: Originally published: New York : Children's Press, ©2001.
650 _aZoo animals --
650 _xJuvenile literature.
700 _a100
999 _c298996
_d298996